[Event "San Francisco TNM Spring op"]
[Site "San Francisco"]
[Date "2015.04.07"]
[Round "4"]
[White "Manivannan, Sanjayan"]
[Black "Royzen, Igor"]
[Result "0-1"]
[WhiteElo "1554"]
[BlackElo "1881"]
[PlyCount "46"]
[EventDate "2015.03.17"]
[EventType "swiss"]
[EventRounds "8"]
[EventCountry "USA"]
[SourceTitle "EXT 2016"]
[Source "ChessBase"]
[SourceDate "2015.10.08"]
[SourceVersion "1"]
[SourceVersionDate "2015.10.08"]
[SourceQuality "1"]

1. c4 Nf6 2. Nc3 g6 3. d4 c5 4. Nf3 cxd4 5. Nxd4 Nc6 6. Nxc6 bxc6 7. e4 d6 8. Be2 Bg7 9. e5 dxe5 10. Qxd8+ Kxd8 11. Bf3 Kc7 12. 0-0 Be6 13. Re1 Nd7 14. c5 Nxc5 15. Be3 Nd3 16. Re2 Rhd8 17. Be4 f5 18. Bxd3 Rxd3 19. Rc1 Rad8 20. f4 e4 21. Nb5+ Kb7 22. Nxa7 Rxe3 23. Rxe3 Bd4 0-1

[Event "San Francisco TNM Spring op"]
[Site "San Francisco"]
[Date "2015.03.31"]
[Round "3"]
[White "Hakobyan, Sos"]
[Black "Manivannan, Sanjayan"]
[Result "1/2-1/2"]
[WhiteElo "1885"]
[BlackElo "1554"]
[PlyCount "95"]
[EventDate "2015.03.17"]
[EventType "swiss"]
[EventRounds "8"]
[EventCountry "USA"]
[SourceTitle "EXT 2016"]
[Source "ChessBase"]
[SourceDate "2015.10.08"]
[SourceVersion "1"]
[SourceVersionDate "2015.10.08"]
[SourceQuality "1"]

1. e4 c5 2. Nf3 d6 3. d3 Nc6 4. g3 g6 5. Bg2 Bg7 6. c3 e5 7. a4 Be6 8. 0-0 Nge7 9. Re1 0-0 10. Nbd2 Qd7 11. Nf1 Na5 12. c4 a6 13. Bd2 Nac6 14. a5 Rab8 15. Ne3 Bh3 16. Nd5 Nxd5 17. cxd5 Nd4 18. Nxd4 exd4 19. Qa4 Qxa4 20. Rxa4 Bd7 21. Ra3 b5 22. axb6 Rxb6 23. Bf4 Re8 24. Rea1 Bb5 25. Rb3 Be5 26. Bh3 Bxf4 27. gxf4 Rb7 28. Re1 f5 29. e5 Ree7 30. e6 Kf8 31. Ra1 c4 32. dxc4 Bxc4 33. Rxb7 Rxb7 34. Bg2 Rxb2 35. Rc1 d3 36. Bf3 Rc2 37. Rb1 d2 38. Rb8+ Ke7 39. Rb7+ Kd8 40. Rb8+ Kc7 41. e7 Bb5 42. Rxb5 Kd7 43. Rb7+ Ke8 44. Kg2 Rc1 45. Ra7 d1Q 46. Bxd1 Rxd1 47. Rxa6 Rxd5 48. Ra8+ 1/2-1/2

[Event "San Francisco TNM Winter op"]
[Site "San Francisco"]
[Date "2015.01.06"]
[Round "1"]
[White "Manivannan, Sanjayan"]
[Black "Klinetobe, David"]
[Result "0-1"]
[WhiteElo "1554"]
[BlackElo "2008"]
[PlyCount "74"]
[EventDate "2015.01.06"]
[EventType "swiss"]
[EventRounds "8"]
[EventCountry "USA"]
[SourceTitle "EXT 2016"]
[Source "ChessBase"]
[SourceDate "2015.10.08"]
[SourceVersion "1"]
[SourceVersionDate "2015.10.08"]
[SourceQuality "1"]

1. e4 e6 2. d4 d5 3. e5 c5 4. Nf3 Nc6 5. Bg5 Qb6 6. Bd3 c4 7. Be2 Qxb2 8. Nbd2 Be7 9. Bxe7 Ngxe7 10. 0-0 0-0 11. Qc1 Qc3 12. a4 Nxd4 13. Nxd4 Qxd4 14. Nf3 Qc3 15. Ra3 Qb4 16. Nh4 Bd7 17. Rg3 Ng6 18. Nxg6 fxg6 19. h4 Rf5 20. h5 gxh5 21. c3 Qe7 22. Qh6 Kh8 23. Qe3 Bxa4 24. Rh3 g6 25. g4 hxg4 26. Bxg4 Qg5 27. Qg3 Rff8 28. Kg2 Bc6 29. Rfh1 Rf7 30. f4 Qe7 31. Rh6 d4+ 32. Bf3 Bxf3+ 33. Qxf3 Rg7 34. cxd4 Rd8 35. Qe4 b5 36. Rxg6 Rxg6+ 37. Qxg6 Rg8 0-1